Danish Football champions from 1913 to 2021 - Statistics

General Stats
  • This quiz has been taken 222 times
  • The average score is 17 of 36
Answer Stats
Gold % Correct
Brøndby
94%
FC København
94%
FC Midtjylland
78%
FC Nordsjælland
76%
OB
74%
AaB
72%
AGF
71%
Silkeborg
67%
Vejle
67%
Lyngby
66%
Esbjerg
65%
Sønderjyske
60%
B 93
58%
Frem
57%
KB
56%
AB
54%
B 1903
53%
Herfølge
52%
Horsens
52%
Køge
50%
Næstved
40%
Helsingør
36%
Hvidovre
36%
B 1909
34%
Ikast
33%
Randers FC
33%
Fremad Amager
32%
B 1913
28%
Farum
28%
Randers Freja
26%
Hillerød
22%
B 1901
19%
Holbæk
19%
Skovshoved
8%
KFUM
5%
Ringkjøbing
5%
No matching quizzes found
Score Distribution
Percent of People with Each Score
Percentile by Number Answered
Your Score History
You have not taken this quiz